Normal view
MARC view
- Roosevelt, Franklin D.
Entry Personal Name
001 - CONTROL NUMBER
- control field: 36248
003 - CONTROL NUMBER IDENTIFIER
- control field: OSt
005 - DATE AND TIME OF LATEST TRANSACTION
- control field: 20141019100916.0
008 - FIXED-LENGTH DATA ELEMENTS
- fixed length control field: 141019|| aca||aabn | a|a d
040 ## - CATALOGING SOURCE
- Original cataloging agency: OSt
100 1# - HEADING--PERSONAL NAME
- Personal name: Roosevelt, Franklin D.
- Fuller form of name: (Franklin Delano),
- Dates associated with a name: 1882-1945
400 0# - SEE FROM TRACING--PERSONAL NAME
- Personal name: Lo-ssu-fu,
- Dates associated with a name: 1882-1945
400 0# - SEE FROM TRACING--PERSONAL NAME
- Personal name: Luosifu,
- Dates associated with a name: 1882-1945
400 0# - SEE FROM TRACING--PERSONAL NAME
- Personal name: F. D. R.
- Fuller form of name: (Franklin Delano Roosevelt),
- Dates associated with a name: 1882-1945
400 1# - SEE FROM TRACING--PERSONAL NAME
- Personal name: R., F. D.
- Fuller form of name: (Franklin Delano Roosevelt),
- Dates associated with a name: 1882-1945
400 1# - SEE FROM TRACING--PERSONAL NAME
- Personal name: FDR
- Fuller form of name: (Franklin Delano Roosevelt),
- Dates associated with a name: 1882-1945
400 1# - SEE FROM TRACING--PERSONAL NAME
- Personal name: Roosevelt, F.
- Fuller form of name: (Franklin),
- Dates associated with a name: 1882-1945
510 1# - SEE ALSO FROM TRACING--CORPORATE NAME
- Corporate name or jurisdiction name as entry element: New York (State).
- Subordinate unit: Governor (1929-1932 : Roosevelt)
510 1# - SEE ALSO FROM TRACING--CORPORATE NAME
- Corporate name or jurisdiction name as entry element: United States.
- Subordinate unit: President (1933-1945 : Roosevelt)